000
00347pam a2200157a 44500
008
230515b2009 xxu||||| |||| 00| 0 eng d
020
_a
NULL
041
_a
ENGLISH
082
_a
651.8 DAS
100
_a
DAS BRAJA M
245
_a
T B OFGEOTECHNICAL ENGINEERING
250
_a
1
260
_a
DELHI
_b
NA
_c
2009
300
_a
567
650
_a
NULL
999
_c
639902
_d
639902